Bibliothèques de Paris par images - Statistiques

Statistiques générales
  • Ce quiz a été pris 18 fois
  • Le résultat moyen est 6 sur 16
Statistiques - réponses
Par images Réponse % Correct
Bibliothèque nationale de France - François Mitterrand
87%
Bibliothèque publique d'information
87%
Bibliothèque nationale de France - Richelieu
73%
Bibliothèque Sainte-Geneviève
67%
Bibliothèque Forney
47%
Bibliothèque Mazarine
40%
Bibliothèque historique de la Ville de Paris
27%
Bibliothèque interuniversitaire de la Sorbonne
27%
Bibliothèque Michelet
27%
BULAC
27%
Médiathèque de La Canopée
27%
Médiathèque Françoise Sagan
27%
Bibliothèque de l'Assemblée nationale
20%
Médiathèque musicale de Paris
20%
Bibliothèque des Grands Moulins
13%
Bibliothèque interuniversitaire de Santé - médécine
13%
Aucun quiz correspondant
Distribution des résultats
% des personnes avec chaque résultat
Percentile par nombre de réponses
Votre historique - résultats
Vous n’avez pas pris ce quiz